Athitidevo Bhava (Record no. 347844)
[ view plain ]
| 000 -LEADER | |
|---|---|
| fixed length control field | 004600000a22001930004500 |
| 005 - DATE AND TIME OF LATEST TRANSACTION | |
| control field | 20120302055230.0 |
| 040 ## - CATALOGING SOURCE | |
| Original cataloging agency | SAN |
| 100 ## - MAIN ENTRY--PERSONAL NAME | |
| Personal name | Degawekar,Ma.Paa. |
| 245 ## - TITLE STATEMENT | |
| Title | Athitidevo Bhava |
| 260 ## - PUBLICATION, DISTRIBUTION, ETC. (IMPRINT) | |
| Place of publication, distribution, etc | Pune:Heramba,1994. |
| 365 ## - TRADE PRICE | |
| Price amount | 125/- |
| 490 ## - SERIES STATEMENT | |
| Series statement | Sanskrit Gadya Saurabha Granthmaalaa-3 |
| 650 ## - SUBJECT ADDED ENTRY--TOPICAL TERM | |
| Topical term or geographic name as entry element | Sankirna |
| 650 ## - SUBJECT ADDED ENTRY--TOPICAL TERM | |
| Topical term or geographic name as entry element | Vaidika Saahitya |
| 650 ## - SUBJECT ADDED ENTRY--TOPICAL TERM | |
| Topical term or geographic name as entry element | Athiti Satkaar |
| 650 ## - SUBJECT ADDED ENTRY--TOPICAL TERM | |
| Topical term or geographic name as entry element | Vedottar Kaal |
| 650 ## - SUBJECT ADDED ENTRY--TOPICAL TERM | |
| Topical term or geographic name as entry element | Granth Sambhaara |
| 942 ## - ADDED ENTRY ELEMENTS (KOHA) | |
| Koha item type | Book |
| Withdrawn status | Lost status | Damaged status | Not for loan | Home library | Current library | Date acquired | Total Checkouts | Barcode | Date last seen | Price effective from |
|---|---|---|---|---|---|---|---|---|---|---|
| Institute For Oriental Study, Thane | Institute For Oriental Study, Thane | 12/02/2009 | IOS-8103 | 12/02/2009 | 12/02/2009 |